Online Catalogue and eLibrary

Sinhala consciousness in the Kandyan period 1590s to 1815 : (Record no. 3544)

MARC details
000 -LEADER
fixed length control field 00249nam a2200097Ia 4500
008 - FIXED-LENGTH DATA ELEMENTS--GENERAL INFORMATION
fixed length control field 240331s9999 xx 000 0 und d
082 ## - DDC Classification
Item Number - Author Mark ROB
100 ## - MAIN ENTRY--PERSONAL NAME
Personal name Roberts,M
245 #0 - TITLE STATEMENT
Title Sinhala consciousness in the Kandyan period 1590s to 1815 :
Remainder of title -
942 ## - Koha item type (Biblio)
Koha item type Books in Stacks (Lending)
Holdings
Lost status Damaged status Collection code Home library Current library Shelving location Date acquired Full call number Accession Number Item type
    Lending WERC Library WERC Library Social Science Cupboard 03/31/2024 954.9 ROB 1904 Books in Stacks (Lending)

© WERC Library